| 000 | 00814nam a22002537a 4500 | ||
|---|---|---|---|
| 999 |
_c15058 _d15058 |
||
| 003 | MIRAKIL | ||
| 005 | 20221025143208.0 | ||
| 008 | 221025b tu ||||| |||| 00| 0 tur d | ||
| 020 | _a9786057942012 | ||
| 040 |
_aTR-AnCHP _btur _cTR-AnCHP |
||
| 041 | _atur | ||
| 082 |
_a327.2 _bA92k 2018 |
||
| 100 | _aAydemir, Emrah | ||
| 245 |
_aKamu diplomasisi: _bÜlkeler- Avrupa Birliği, kurumlar-uygulamalar/ _cEmrah Aydemir. |
||
| 246 | _aÜlkeler- Avrupa Birliği, kurumlar-uygulamalar | ||
| 260 |
_aİstanbul: _bKalkedon Yayıncılık, _c2018. |
||
| 300 |
_a313 s.: _c21 sm. |
||
| 490 |
_aKalkedon Yayıncılık; _v360. |
||
| 504 | _aKaynakça vardır. | ||
| 650 |
_aKamu yönetimi _xDiplomasi |
||
| 650 |
_aDiplomasi _zTürkiye |
||
| 740 | _aÜlkeler- Avrupa Birliği, kurumlar-uygulamalar | ||
| 942 |
_2ddc _cBKS |
||